[Event "Southend op"]
[Site "?"]
[Date "1998.04.11"]
[Round "4"]
[White "Gamble, Raymond J"]
[Black "Lee, Graham S"]
[Result "1/2-1/2"]
[WhiteElo "1936"]
[BlackElo "1584"]
[PlyCount "86"]
[EventDate "1998.04.10"]

1. d4 b5 2. Nf3 Bb7 3. Bf4 a6 4. Nbd2 e6 5. e4 d6 6. Bd3 Nd7 7. Qe2 Be7 8. h3
c5 9. c3 c4 10. Bc2 h6 11. Bg3 g5 12. e5 dxe5 13. Bxe5 Nxe5 14. Nxe5 Nf6 15.
Ndf3 Bd5 16. a4 Qc8 17. axb5 axb5 18. O-O Qb7 19. Rfb1 Bd6 20. Rxa8+ Qxa8 21.
b3 Bxe5 22. Qxe5 Qd8 23. bxc4 Bxc4 24. Nd2 O-O 25. Nxc4 bxc4 26. Rb4 Qe7 27.
Rxc4 Ra8 28. Ra4 Rxa4 29. Bxa4 Nd5 30. c4 Nf4 31. Bc2 Qa3 32. Qe4 f5 33. Qe1
Qb2 34. Qd1 Qxd4 35. Qxd4 Ne2+ 36. Kf1 Nxd4 37. Bb1 Kf7 38. Ke1 Ke7 39. Kd2 Kd6
40. Bd3 Kc5 41. Kc3 e5 42. f3 f4 43. Bh7 Ne2+ 1/2-1/2

[Event "Southend op"]
[Site "?"]
[Date "1998.04.12"]
[Round "5"]
[White "Allison, John C"]
[Black "Gamble, Raymond J"]
[Result "1/2-1/2"]
[WhiteElo "1872"]
[BlackElo "1936"]
[PlyCount "91"]
[EventDate "1998.04.10"]

1. d4 d5 2. c4 e6 3. Nc3 Nf6 4. Bg5 Nbd7 5. Nf3 c6 6. e3 Qa5 7. Bxf6 Nxf6 8.
Nd2 dxc4 9. Bxc4 Be7 10. O-O e5 11. Qb3 O-O 12. Nf3 exd4 13. exd4 Bd6 14. Rfe1
Qh5 15. Ne4 Nxe4 16. Rxe4 b5 17. Be2 Qg6 18. Bd3 Be6 19. Qc2 f5 20. Re2 Bd5 21.
Nh4 Qh5 22. g3 g5 23. Nxf5 Qf3 24. Nh6+ Kg7 25. Be4 Bxe4 26. Qxe4 Rad8 27. Ng4
h5 28. Qxf3 Rxf3 29. Ne5 Bxe5 30. dxe5 c5 31. Kg2 Rfd3 32. Rae1 Kf7 33. f4 gxf4
34. gxf4 Ke6 35. Rf2 Rf8 36. f5+ Rxf5 37. Rxf5 Kxf5 38. e6 Rd8 39. e7 Re8 40.
Kf3 Kf6 41. Kf4 c4 42. Re5 b4 43. Rxh5 Rxe7 44. Rf5+ Kg6 45. Rg5+ Kf6 46. Rf5+
1/2-1/2

[Event "Southend op"]
[Site "?"]
[Date "1998.04.12"]
[Round "6"]
[White "Gamble, Raymond J"]
[Black "Weeber, Richard J"]
[Result "1/2-1/2"]
[WhiteElo "1936"]
[BlackElo "1832"]
[PlyCount "38"]
[EventDate "1998.04.10"]

1. d4 Nf6 2. Nf3 c5 3. e3 g6 4. Bd3 Bg7 5. Nbd2 b6 6. Qe2 Nc6 7. c3 cxd4 8.
exd4 Bb7 9. Ne4 Nxe4 10. Bxe4 d5 11. Bd3 Qd6 12. O-O O-O 13. Re1 Rfe8 14. Ne5
f6 15. Nxg6 hxg6 16. Bxg6 e5 17. Qh5 Kf8 18. Qh7 Re7 19. Be3 Qe6 1/2-1/2

[Event "Southend op"]
[Site "?"]
[Date "1998.04.13"]
[Round "7"]
[White "Williamson, Kevin J"]
[Black "Gamble, Raymond J"]
[Result "1/2-1/2"]
[WhiteElo "1856"]
[BlackElo "1936"]
[PlyCount "40"]
[EventDate "1998.04.10"]

1. g3 d5 2. Bg2 Nf6 3. d3 e6 4. Nf3 Nbd7 5. O-O Be7 6. Nbd2 c6 7. e4 Qc7 8.
exd5 cxd5 9. Re1 O-O 10. Nf1 b5 11. Bf4 Bd6 12. Bxd6 Qxd6 13. Qe2 a5 14. Ne5
Nxe5 15. Qxe5 Qxe5 16. Rxe5 Ba6 17. a3 Rac8 18. Re2 Rc7 19. b4 Rfc8 20. Ra2 a4
1/2-1/2

[Event "Southend op"]
[Site "?"]
[Date "1999.04.02"]
[Round "1"]
[White "Saujani, Kaushik"]
[Black "Gamble, Raymond J"]
[Result "0-1"]
[WhiteElo "1496"]
[BlackElo "1896"]
[PlyCount "102"]
[EventDate "1999.04.02"]

1. Nf3 Nf6 2. b3 d5 3. Bb2 Bf5 4. e3 c6 5. Be2 Nbd7 6. O-O Qc7 7. Nh4 Bg6 8. f4
e6 9. f5 exf5 10. Nxf5 Bxf5 11. Rxf5 Bd6 12. g3 Bxg3 13. h3 Bh2+ 14. Kh1 Ne4
15. Rf3 Ne5 16. Bxe5 Qxe5 17. d4 Qd6 18. Nd2 Ng5 19. Nf1 Nxf3 20. Bxf3 Bg3 21.
Bg2 Bh4 22. Qg4 Bf6 23. Ng3 Qe6 24. Qf4 g6 25. Rf1 Bg7 26. e4 O-O 27. h4 Bxd4
28. exd5 Qe5 29. dxc6 Qxf4 30. Rxf4 Be5 31. cxb7 Bxf4 32. bxa8=Q Rxa8 33. Bxa8
Bxg3 34. c4 Bxh4 35. c5 Kf8 36. c6 Bd8 37. b4 Ke7 38. Kg2 Kd6 39. Kf3 Ke5 40.
Ke3 Bb6+ 41. Kd3 h5 42. c7 Bxc7 43. Ke3 f5 44. Bg2 f4+ 45. Kf3 g5 46. Bf1 g4+
47. Kg2 h4 48. Kh2 f3 49. Ba6 Kf4 50. Bc8 g3+ 51. Kg1 g2 0-1

[Event "Southend op"]
[Site "?"]
[Date "1999.04.02"]
[Round "2"]
[White "Gamble, Raymond J"]
[Black "Twyble, Michael"]
[Result "0-1"]
[WhiteElo "1896"]
[BlackElo "2248"]
[PlyCount "84"]
[EventDate "1999.04.02"]

1. d4 f5 2. e4 fxe4 3. Nc3 Nf6 4. Bg5 Nc6 5. d5 Ne5 6. Qd4 Nf7 7. Bxf6 exf6 8.
Nxe4 f5 9. Ng3 g6 10. O-O-O Bh6+ 11. Kb1 O-O 12. Nf3 Bg7 13. Qd2 Qf6 14. c3 b5
15. h4 Nd6 16. Bd3 Bb7 17. h5 Bxd5 18. hxg6 hxg6 19. Ng5 Bf7 20. Qf4 Rfe8 21.
Nxf7 Qxf7 22. Bc2 Re5 23. Rhe1 Rae8 24. Rxe5 Bxe5 25. Qf3 Kg7 26. Qd3 Qc4 27.
Qf3 Qf4 28. a4 Qxf3 29. gxf3 Bxg3 30. fxg3 a6 31. axb5 axb5 32. Rd3 Re1+ 33.
Bd1 Kf6 34. Kc2 Rg1 35. g4 Rg2+ 36. Kc1 f4 37. Rd5 Rf2 38. Kb1 Rf1 39. Kc2 Nc4
40. Rxd7 Ne3+ 41. Kb3 Nxd1 42. Rxc7 Rf2 0-1

[Event "Southend op"]
[Site "?"]
[Date "1999.04.03"]
[Round "3"]
[White "Walker, Gary E"]
[Black "Gamble, Raymond J"]
[Result "0-1"]
[WhiteElo "1592"]
[BlackElo "1896"]
[PlyCount "98"]
[EventDate "1999.04.02"]

1. g4 d5 2. h3 c6 3. Bg2 e5 4. d4 exd4 5. Qxd4 h6 6. c4 dxc4 7. Qxd8+ Kxd8 8.
Nc3 Nf6 9. Bf4 Bc5 10. O-O-O+ Ke7 11. e3 Rd8 12. Rxd8 Kxd8 13. Nge2 Bd7 14. Rd1
Ke8 15. Ng3 Na6 16. g5 hxg5 17. Bxg5 Be7 18. Bxf6 Bxf6 19. Nh5 Bxc3 20. bxc3
Ke7 21. Rd4 Nc5 22. Nf4 b5 23. h4 g6 24. Rd1 Rh8 25. Rh1 Kd6 26. Kc2 Bf5+ 27.
Kc1 Ne4 28. Bxe4 Bxe4 29. Rd1+ Ke7 30. Rd4 Bf3 31. Nh3 c5 32. Rf4 Bg2 33. Ng1
f5 34. Ne2 Be4 35. Ng3 Bd3 36. e4 fxe4 37. Nxe4 b4 38. Nxc5 bxc3 39. Rf3 Rd8
40. Re3+ Kf7 41. Rf3+ Kg8 42. Re3 Rd5 43. Re8+ Kf7 44. Rc8 c2 45. Rc7+ Kg8 46.
f4 Bf5 47. Ne4 Bxe4 48. Rxc4 Rd1+ 49. Kb2 Rb1+ 0-1

[Event "Southend op"]
[Site "?"]
[Date "1999.04.03"]
[Round "4"]
[White "Gamble, Raymond J"]
[Black "Gregory, Philip J"]
[Result "0-1"]
[WhiteElo "1896"]
[BlackElo "1904"]
[PlyCount "60"]
[EventDate "1999.04.02"]

1. d4 d5 2. Nf3 Nf6 3. e3 Bf5 4. Bd3 Bg6 5. Bxg6 hxg6 6. Qd3 Nbd7 7. Nbd2 e6 8.
b3 c5 9. Bb2 Bd6 10. h3 Qc7 11. c4 O-O 12. O-O Rac8 13. Rfd1 Rfd8 14. cxd5 exd5
15. dxc5 Nxc5 16. Qe2 Nce4 17. Nxe4 dxe4 18. Nd4 a6 19. Rdc1 Qe7 20. g3 Nd7 21.
Rxc8 Rxc8 22. Rc1 Rxc1+ 23. Bxc1 Ne5 24. Kg2 Qc7 25. Bb2 Nd3 26. Kh2 Be5 27.
Kg2 Bxd4 28. Bxd4 Qc1 29. f4 exf3+ 30. Kxf3 Qh1+ 0-1

[Event "Southend op"]
[Site "?"]
[Date "1999.04.04"]
[Round "5"]
[White "Snijders, Kees"]
[Black "Gamble, Raymond J"]
[Result "1/2-1/2"]
[WhiteElo "1648"]
[BlackElo "1896"]
[PlyCount "96"]
[EventDate "1999.04.02"]

1. b3 d5 2. e3 Bf5 3. Bb2 c5 4. Nf3 Nc6 5. Be2 Qc7 6. O-O Nf6 7. c4 e6 8. Bxf6
gxf6 9. Nh4 Bxb1 10. Rxb1 Bd6 11. f4 d4 12. Bg4 O-O-O 13. Qc2 Kb8 14. Nf3 h5
15. Bh3 e5 16. g3 h4 17. Nxh4 exf4 18. exf4 d3 19. Qd1 Nd4 20. Bg4 Rde8 21. Nf5
Nxf5 22. Bxf5 Re2 23. Rf2 Rxf2 24. Kxf2 Rxh2+ 25. Kg1 Rh8 26. Qf3 Rg8 27. Kf2
Qa5 28. Qxd3 Bc7 29. Re1 Rd8 30. Bd7 Qxa2 31. Re8 Qa5 32. Rxd8+ Bxd8 33. Bf5
Qc7 34. Qd7 Qxd7 35. Bxd7 Kc7 36. Be8 a6 37. Bxf7 b5 38. Kf3 Kd6 39. Ke4 Ba5
40. d3 Bc3 41. Kf5 Ke7 42. Bd5 bxc4 43. Bxc4 a5 44. g4 Bd4 45. g5 fxg5 46. fxg5
Bc3 47. Kg6 Kf8 48. Kh7 Bd4 1/2-1/2

[Event "Southend op"]
[Site "?"]
[Date "1999.04.04"]
[Round "6"]
[White "Gamble, Raymond J"]
[Black "Bennett, John K"]
[Result "1/2-1/2"]
[WhiteElo "1896"]
[BlackElo "1648"]
[PlyCount "77"]
[EventDate "1999.04.02"]

1. d4 Nf6 2. Nf3 g6 3. Nbd2 Bg7 4. e4 d6 5. Bc4 O-O 6. O-O c6 7. Bb3 Qc7 8. c3
Nbd7 9. Re1 e5 10. dxe5 dxe5 11. Nc4 b5 12. Qd6 Qxd6 13. Nxd6 Ne8 14. Nxc8 Rxc8
15. Be3 Nef6 16. Bc2 a6 17. h3 c5 18. Red1 c4 19. a4 bxa4 20. Rxa4 Nc5 21. Rxc4
Ncxe4 22. Rxe4 Nxe4 23. Bxe4 Rfd8 24. Ra1 f5 25. Bb7 Rb8 26. Bxa6 Rxb2 27. Bc4+
Kh8 28. Ng5 Rdb8 29. Nf7+ Kg8 30. Nxe5+ Kh8 31. Bd4 Rb1+ 32. Rxb1 Rxb1+ 33. Kh2
Re1 34. Nf7+ Kg8 35. Bxg7 Kxg7 36. Bd5 Rd1 37. Bc4 Rc1 38. Ng5 Rxc3 39. Ba6
1/2-1/2

[Event "Southend op"]
[Site "?"]
[Date "1999.04.05"]
[Round "7"]
[White "Bennet, William"]
[Black "Gamble, Raymond J"]
[Result "0-1"]
[WhiteElo "1504"]
[BlackElo "1896"]
[PlyCount "91"]
[EventDate "1999.04.02"]

1. d4 d5 2. c4 e6 3. Nc3 Nf6 4. cxd5 exd5 5. Bg5 Nbd7 6. e3 c6 7. Bd3 Be7 8.
Nge2 Ne4 9. Bxe7 Nxc3 10. bxc3 Qxe7 11. Ng3 g6 12. O-O O-O 13. Qe2 f5 14. f3
Nf6 15. e4 fxe4 16. fxe4 Bg4 17. Qe3 dxe4 18. Nxe4 Nxe4 19. Qxe4 Qxe4 20. Bxe4
Rae8 21. Rae1 Rxf1+ 22. Kxf1 Kf7 23. d5 cxd5 24. Bxd5+ Be6 25. Rxe6 Rxe6 26.
Kf2 Kf6 27. Bxe6 Kxe6 28. Kf3 Kd5 29. Ke3 Kc4 30. Kd2 b5 31. Kc2 g5 32. g4 a6
33. Kd2 b4 34. cxb4 Kxb4 35. Kc2 Kc4 36. Kd2 Kd4 37. a3 Ke4 38. Ke2 Kf4 39. Kf2
Kxg4 40. Kg2 Kf4 41. Kh3 a5 42. a4 h5 43. Kg2 Ke3 44. Kg3 Kd4 45. Kf3 Kc4 46.
Ke4 0-1

[Event "Southend op"]
[Site "?"]
[Date "2000.04.21"]
[Round "1"]
[White "Gamble, Raymond J"]
[Black "Jackson, Adrian"]
[Result "0-1"]
[WhiteElo "1824"]
[BlackElo "2184"]
[PlyCount "76"]
[EventDate "2000.04.21"]
[EventType "swiss"]
[EventRounds "7"]
[EventCountry "ENG"]
[SourceTitle "BritBase"]
[Source "John Saunders"]
[SourceDate "2023.11.11"]
[SourceVersion "1"]
[SourceVersionDate "2023.11.11"]
[SourceQuality "1"]

1. d4 Nf6 2. Nf3 c5 3. e3 e6 4. Bd3 Nc6 5. c3 d6 6. Nbd2 Be7 7. O-O O-O 8. Qe2
e5 9. dxc5 dxc5 10. e4 a6 11. Nc4 Qc7 12. Bg5 Be6 13. Ne3 Rad8 14. Rfd1 Kh8 15.
b3 h6 16. Bxf6 Bxf6 17. Nd5 Bxd5 18. exd5 Ne7 19. c4 g6 20. Rac1 Nc8 21. Qe3
Bg7 22. Nh4 Qe7 23. Qg3 Qg5 24. Qxg5 hxg5 25. Nf3 g4 26. Ne1 f5 27. Bc2 e4 28.
g3 Nd6 29. Ng2 Be5 30. Ne3 Kg7 31. b4 cxb4 32. c5 Nb5 33. Nc4 Bf6 34. d6 Nc3
35. Rd2 Bg5 36. Ne3 Rc8 37. Bb3 Rxc5 38. Re1 Rd8 0-1

[Event "Southend op"]
[Site "?"]
[Date "2000.04.21"]
[Round "2"]
[White "Davies, Robert JV"]
[Black "Gamble, Raymond J"]
[Result "1/2-1/2"]
[WhiteElo "1544"]
[BlackElo "1824"]
[PlyCount "54"]
[EventDate "2000.04.21"]
[EventType "swiss"]
[EventRounds "7"]
[EventCountry "ENG"]
[SourceTitle "BritBase"]
[Source "John Saunders"]
[SourceDate "2023.11.11"]
[SourceVersion "1"]
[SourceVersionDate "2023.11.11"]
[SourceQuality "1"]

1. d4 d5 2. Nf3 e6 3. e3 Nf6 4. Bd3 c5 5. c3 Nbd7 6. Nbd2 Bd6 7. O-O O-O 8. Re1
Qc7 9. Nf1 b6 10. N3d2 e5 11. dxe5 Nxe5 12. Nf3 Nxd3 13. Qxd3 Re8 14. Ng3 g6
15. e4 dxe4 16. Nxe4 Nxe4 17. Rxe4 Rxe4 18. Qxe4 Bb7 19. Qh4 Bxf3 20. gxf3 Re8
21. Be3 f5 22. Bh6 Qf7 23. Kf1 Qe6 24. Qa4 a5 25. Kg2 Bf8 26. Bxf8 Kxf8 27. Qf4
Qe5 1/2-1/2

[Event "Southend op"]
[Site "?"]
[Date "2000.04.22"]
[Round "3"]
[White "Gamble, Raymond J"]
[Black "Kennedy, Craig"]
[Result "1/2-1/2"]
[WhiteElo "1824"]
[BlackElo "1880"]
[PlyCount "48"]
[EventDate "2000.04.21"]
[EventType "swiss"]
[EventRounds "7"]
[EventCountry "ENG"]
[SourceTitle "BritBase"]
[Source "John Saunders"]
[SourceDate "2023.11.11"]
[SourceVersion "1"]
[SourceVersionDate "2023.11.11"]
[SourceQuality "1"]

1. d4 e6 2. e4 d5 3. exd5 exd5 4. c3 Bd6 5. Bd3 Ne7 6. Qf3 Be6 7. Bf4 Nbc6 8.
Ne2 Ng6 9. Bxd6 Qxd6 10. Qg3 O-O-O 11. Nd2 Qd7 12. O-O-O Nce7 13. f3 Qa4 14.
Kb1 Rhe8 15. Nb3 Nf5 16. Qf2 b6 17. g4 Nd6 18. Nd2 Bd7 19. Rhe1 Bb5 20. Nc1 Nf4
21. Bc2 Qa6 22. Rxe8 Rxe8 23. Re1 Rxe1 24. Qxe1 Ne2 1/2-1/2

[Event "Southend op"]
[Site "?"]
[Date "2000.04.22"]
[Round "4"]
[White "Jestico, John V"]
[Black "Gamble, Raymond J"]
[Result "0-1"]
[WhiteElo "1496"]
[BlackElo "1824"]
[PlyCount "64"]
[EventDate "2000.04.21"]
[EventType "swiss"]
[EventRounds "7"]
[EventCountry "ENG"]
[SourceTitle "BritBase"]
[Source "John Saunders"]
[SourceDate "2023.11.11"]
[SourceVersion "1"]
[SourceVersionDate "2023.11.11"]
[SourceQuality "1"]

1. c4 e6 2. Nc3 d5 3. e3 Nf6 4. Nf3 Be7 5. d4 Nbd7 6. c5 c6 7. Bd3 Qc7 8. b4 e5
9. e4 exd4 10. Nxd4 dxe4 11. Nxe4 Nxe4 12. Bxe4 Qe5 13. Qd3 f5 14. f4 Qxe4+ 15.
Qxe4 fxe4 16. Ne6 Kf7 17. f5 Bf6 18. Rb1 Ne5 19. O-O Bxe6 20. fxe6+ Kxe6 21.
Bb2 Nc4 22. Bc1 Rhf8 23. Rd1 Rad8 24. Rxd8 Rxd8 25. Bf4 Rd3 26. Kf2 e3+ 27. Ke2
Rd2+ 28. Kf1 Rf2+ 29. Kg1 Rxf4 30. Re1 Bd4 31. Kh1 Kd5 32. a4 e2 0-1

[Event "Southend op"]
[Site "?"]
[Date "2000.04.23"]
[Round "5"]
[White "Gamble, Raymond J"]
[Black "Twyble, Michael"]
[Result "0-1"]
[WhiteElo "1824"]
[BlackElo "2224"]
[PlyCount "86"]
[EventDate "2000.04.21"]
[EventType "swiss"]
[EventRounds "7"]
[EventCountry "ENG"]
[SourceTitle "BritBase"]
[Source "John Saunders"]
[SourceDate "2023.11.11"]
[SourceVersion "1"]
[SourceVersionDate "2023.11.11"]
[SourceQuality "1"]

1. d4 f5 2. c4 Nf6 3. Nc3 g6 4. Bf4 Bg7 5. Qd2 O-O 6. Bh6 Bxh6 7. Qxh6 d6 8.
Nf3 Qe8 9. Ng5 c6 10. e4 e5 11. d5 Qe7 12. f3 Na6 13. O-O-O Nc7 14. Be2 cxd5
15. cxd5 Bd7 16. Kb1 b5 17. Bd3 Rab8 18. h4 f4 19. Nh3 Nh5 20. Ne2 Ne8 21. g3
fxg3 22. Qe3 g2 23. Rh2 Rb7 24. Ng5 Neg7 25. Rxg2 Nf4 26. Nxf4 Rxf4 27. Qe2 Qf6
28. Rdg1 Be8 29. Qc2 Qe7 30. Qc8 Rf8 31. Qg4 Bd7 32. Qg3 Nh5 33. Qh2 Nf4 34.
Rd2 h6 35. Ne6 Bxe6 36. dxe6 Qxe6 37. Bc2 Kh7 38. Bb3 Qe7 39. Rc1 Ne6 40. Bxe6
Qxe6 41. Rc6 Rxf3 42. Rcxd6 Rf1+ 43. Rd1 Qxd6 0-1

[Event "Southend op"]
[Site "?"]
[Date "2000.04.23"]
[Round "6"]
[White "Morrey, Peter"]
[Black "Gamble, Raymond J"]
[Result "0-1"]
[WhiteElo "1752"]
[BlackElo "1824"]
[PlyCount "36"]
[EventDate "2000.04.21"]
[EventType "swiss"]
[EventRounds "7"]
[EventCountry "ENG"]
[SourceTitle "BritBase"]
[Source "John Saunders"]
[SourceDate "2023.11.11"]
[SourceVersion "1"]
[SourceVersionDate "2023.11.11"]
[SourceQuality "1"]

1. Nc3 d5 2. e4 e6 3. f4 dxe4 4. Nxe4 Nf6 5. Nxf6+ Qxf6 6. d4 c5 7. Nf3 Nc6 8.
Bb5 Bd7 9. d5 exd5 10. Qxd5 O-O-O 11. O-O Nd4 12. Bxd7+ Rxd7 13. Qc4 Nxf3+ 14.
Rxf3 Rd1+ 15. Rf1 Rxf1+ 16. Qxf1 Bd6 17. c3 g5 18. fxg5 Bxh2+ 0-1

[Event "Southend op"]
[Site "?"]
[Date "2000.04.24"]
[Round "7"]
[White "Gamble, Raymond J"]
[Black "Ethelontis, Alexandros N"]
[Result "0-1"]
[WhiteElo "1824"]
[BlackElo "2008"]
[PlyCount "86"]
[EventDate "2000.04.21"]
[EventType "swiss"]
[EventRounds "7"]
[EventCountry "ENG"]
[SourceTitle "BritBase"]
[Source "John Saunders"]
[SourceDate "2023.11.11"]
[SourceVersion "1"]
[SourceVersionDate "2023.11.11"]
[SourceQuality "1"]

1. d4 e6 2. e4 d5 3. exd5 exd5 4. c3 Bd6 5. Bd3 Nc6 6. Qf3 Nge7 7. Ne2 Be6 8.
Bf4 Ng6 9. Bxd6 Qxd6 10. Qg3 O-O-O 11. Qxd6 Rxd6 12. Nd2 Nce7 13. O-O-O h5 14.
h4 Bf5 15. Nf3 f6 16. Bxf5+ Nxf5 17. g3 Ra6 18. a3 Re6 19. Rhe1 Nd6 20. Neg1
Rhe8 21. Rxe6 Rxe6 22. Re1 Kd7 23. Rxe6 Kxe6 24. Kd2 Nc4+ 25. Kc2 Kf5 26. Nd2
Kg4 27. Nxc4 dxc4 28. Kd2 Ne7 29. Ke2 Nd5 30. Nf3 b5 31. Nd2 Nb6 32. Nf1 g5 33.
Ne3+ Kh3 34. hxg5 fxg5 35. f4 gxf4 36. gxf4 Kg3 37. f5 Nd7 38. Nd5 c6 39. Ne7
h4 40. Kf1 h3 41. Kg1 Nf6 42. Ng6 h2+ 43. Kh1 Ng4 0-1

[Event "Southend op"]
[Site "Southend"]
[Date "2002.03.29"]
[Round "1"]
[White "Hunt, Harriet V"]
[Black "Gamble, Raymond J"]
[Result "1-0"]
[WhiteElo "2411"]
[BlackElo "2035"]
[PlyCount "69"]
[EventDate "2002.03.29"]
[EventType "swiss"]
[EventRounds "7"]
[EventCountry "ENG"]
[SourceTitle "BCM-0006"]
[Source "bcmchess.co.uk"]
[SourceDate "2005.08.13"]
[SourceVersion "1"]
[SourceVersionDate "2005.08.13"]
[SourceQuality "2"]

1. e4 e6 2. d4 d5 3. Nd2 dxe4 4. Nxe4 Bd7 5. Nf3 Bc6 6. Bd3 Nd7 7. O-O Bxe4 8.
Bxe4 c6 9. c4 Ngf6 10. Bc2 Bd6 11. b3 O-O 12. Bb2 Re8 13. Re1 Qc7 14. Qe2 c5
15. g3 Rad8 16. a3 a6 17. Rac1 g6 18. dxc5 Bxc5 19. b4 Bf8 20. Ba4 Bg7 21. Ne5
Rf8 22. c5 Nxe5 23. Bxe5 Qe7 24. c6 b5 25. Bb3 Ne8 26. Bf4 Nc7 27. Red1 Rxd1+
28. Rxd1 Rd8 29. Rxd8+ Qxd8 30. Qe3 Qe7 31. Qa7 e5 32. Qb8+ Bf8 33. Bh6 Ne8 34.
c7 Nxc7 35. Bxf8 1-0

[Event "Southend op"]
[Site "Southend"]
[Date "2002.03.29"]
[Round "2"]
[White "Gamble, Raymond J"]
[Black "Allen, Dominic"]
[Result "1/2-1/2"]
[WhiteElo "2035"]
[BlackElo "1864"]
[PlyCount "70"]
[EventDate "2002.03.29"]
[EventType "swiss"]
[EventRounds "7"]
[EventCountry "ENG"]
[SourceTitle "BCM-0006"]
[Source "bcmchess.co.uk"]
[SourceDate "2005.08.13"]
[SourceVersion "1"]
[SourceVersionDate "2005.08.13"]
[SourceQuality "2"]

1. Nf3 Nf6 2. g3 g6 3. Bg2 Bg7 4. c4 O-O 5. Nc3 d6 6. d4 Nbd7 7. O-O e5 8. e4
c6 9. h3 Re8 10. d5 cxd5 11. cxd5 a6 12. Be3 b5 13. a3 Nb6 14. b3 Bb7 15. Rc1
Nfd7 16. Nd2 Rc8 17. Na2 Rxc1 18. Qxc1 Nc8 19. Qc3 f5 20. f3 f4 21. Bf2 fxg3
22. Bxg3 Nf6 23. Qe3 Nh5 24. Bh2 Bf6 25. f4 exf4 26. Bxf4 Nxf4 27. Qxf4 Rf8 28.
Qg4 Nb6 29. Nb4 Kg7 30. Nd3 Bc8 31. Qe2 Nd7 32. Kh1 Qa5 33. Rc1 Ne5 34. Nxe5
Bxe5 35. Nf3 Bf4 1/2-1/2

[Event "Southend op"]
[Site "Southend"]
[Date "2002.03.30"]
[Round "3"]
[White "Poobalasingam, Peter S"]
[Black "Gamble, Raymond J"]
[Result "0-1"]
[WhiteElo "1568"]
[BlackElo "2035"]
[PlyCount "78"]
[EventDate "2002.03.29"]
[EventType "swiss"]
[EventRounds "7"]
[EventCountry "ENG"]
[SourceTitle "BCM-0006"]
[Source "bcmchess.co.uk"]
[SourceDate "2005.08.13"]
[SourceVersion "1"]
[SourceVersionDate "2005.08.13"]
[SourceQuality "2"]

1. d4 d5 2. c4 e6 3. Nc3 Nf6 4. Bg5 Nbd7 5. e3 c6 6. cxd5 exd5 7. Nf3 Be7 8.
Bd3 Ne4 9. Bf4 Ndf6 10. Qc2 Nxc3 11. bxc3 Nh5 12. Be5 f6 13. Bg3 Be6 14. Rb1 b5
15. Bxh7 Nxg3 16. hxg3 Kd7 17. Nh4 Bd6 18. Ng6 Re8 19. Nf4 Bf7 20. Bf5+ Kc7 21.
Rh7 Bf8 22. Bg6 Qd7 23. Nh5 Bxg6 24. Qxg6 Re7 25. g4 a5 26. Ng3 b4 27. cxb4
axb4 28. Rb2 b3 29. axb3 Ra1+ 30. Rb1 Ra2 31. Qf5 Qd6 32. Qd3 Qb4+ 33. Kf1 Rd2
34. Qa6 Qc3 35. Ra1 Kd7 36. Ne2 Qc2 37. Qa7+ Ke8 38. Qa8+ Kf7 39. Qa5 Rxe2 0-1

[Event "Southend op"]
[Site "Southend"]
[Date "2002.03.30"]
[Round "4"]
[White "Gamble, Raymond J"]
[Black "Trent, Stewart"]
[Result "1/2-1/2"]
[WhiteElo "2035"]
[BlackElo "1696"]
[PlyCount "50"]
[EventDate "2002.03.29"]
[EventType "swiss"]
[EventRounds "7"]
[EventCountry "ENG"]
[SourceTitle "BCM-0006"]
[Source "bcmchess.co.uk"]
[SourceDate "2005.08.13"]
[SourceVersion "1"]
[SourceVersionDate "2005.08.13"]
[SourceQuality "2"]

1. Nf3 d6 2. d4 g6 3. Bf4 Bg7 4. c3 Nf6 5. h3 O-O 6. Nbd2 c6 7. e4 b5 8. Be2
Qb6 9. O-O a5 10. Qc2 Ba6 11. Rac1 Nbd7 12. Rfe1 Rfc8 13. c4 c5 14. d5 bxc4 15.
Bxc4 Nh5 16. Bxa6 Qxa6 17. Be3 Nb6 18. b3 a4 19. Nc4 axb3 20. axb3 Nxc4 21.
bxc4 Rcb8 22. Rb1 Rxb1 23. Rxb1 Nf6 24. e5 Nd7 25. exd6 exd6 1/2-1/2

[Event "Southend op"]
[Site "Southend"]
[Date "2002.03.31"]
[Round "5"]
[White "Gamble, Raymond J"]
[Black "Jestico, John V"]
[Result "1-0"]
[WhiteElo "2035"]
[BlackElo "1480"]
[PlyCount "143"]
[EventDate "2002.03.29"]
[EventType "swiss"]
[EventRounds "7"]
[EventCountry "ENG"]
[SourceTitle "BCM-0006"]
[Source "bcmchess.co.uk"]
[SourceDate "2005.08.13"]
[SourceVersion "1"]
[SourceVersionDate "2005.08.13"]
[SourceQuality "2"]

1. Nf3 Nf6 2. g3 g6 3. Bg2 Bg7 4. d3 d5 5. Nbd2 Nbd7 6. O-O O-O 7. c3 c5 8. Qc2
Nb6 9. e4 c4 10. d4 Bd7 11. Ne5 Be6 12. f4 dxe4 13. Nxe4 Bf5 14. Qe2 Nxe4 15.
Bxe4 Bxe4 16. Qxe4 Qd5 17. Qxd5 Nxd5 18. Nxc4 b6 19. Bd2 Rac8 20. Ne5 f6 21.
Nf3 Rc7 {(=)} 22. Rfe1 Rc6 23. Re2 Re8 24. Rae1 Kf7 25. g4 a6 26. g5 f5 {(=)}
27. Ne5+ Bxe5 28. fxe5 e6 29. h4 b5 30. Rh2 Rh8 31. Kf2 Rc7 32. Rg1 Rcc8 33. h5
Kg7 34. Rgh1 Rcf8 35. hxg6 hxg6 36. Rxh8 Rxh8 37. Rxh8 Kxh8 38. b3 Nb6 39. Ke2
Kg7 40. Kd3 Kf7 41. c4 bxc4+ 42. bxc4 Ke7 43. Ba5 Nd7 44. c5 Nb8 45. Kc4 Nc6
46. Bc3 Kd7 {(=)} 47. a3 Kc7 48. d5 exd5+ 49. Kxd5 Ne7+ 50. Ke6 Kd8 51. Ba5+
Ke8 52. Kd6 Nc8+ 53. Kc7 Ne7 54. c6 f4 55. Kb7 f3 56. Bb6 Nd5 57. c7 Nxc7 58.
Kxc7 Ke7 59. Kb7 Ke6 60. Kxa6 Kxe5 61. a4 Kf5 62. a5 Kxg5 63. Kb5 Kg4 64. a6 g5
65. a7 Kg3 66. a8=Q g4 67. Qa2 Kh3 68. Qf2 g3 69. Qxf3 Kh2 70. Bc7 Kg1 71.
Qxg3+ Kh1 72. Qh2# 1-0

[Event "Southend op"]
[Site "Southend"]
[Date "2002.03.31"]
[Round "6"]
[White "House, Glenn L"]
[Black "Gamble, Raymond J"]
[Result "1-0"]
[WhiteElo "2309"]
[BlackElo "2035"]
[PlyCount "67"]
[EventDate "2002.03.29"]
[EventType "swiss"]
[EventRounds "7"]
[EventCountry "ENG"]
[SourceTitle "BCM-0006"]
[Source "bcmchess.co.uk"]
[SourceDate "2005.08.13"]
[SourceVersion "1"]
[SourceVersionDate "2005.08.13"]
[SourceQuality "2"]

1. e4 e6 2. d4 d5 3. Nd2 dxe4 4. Nxe4 Bd7 5. Nf3 Bc6 6. Bd3 Nd7 7. O-O Bxe4 8.
Bxe4 c6 9. c4 Ngf6 10. Bc2 Bd6 11. b3 O-O 12. Bb2 Re8 13. Qe2 b6 14. a3 c5 15.
Rfd1 Qc7 16. g3 Rad8 17. Rd2 Be7 18. Rad1 Nf8 19. dxc5 Rxd2 20. Rxd2 bxc5 21.
Ne5 Qb6 22. Qf3 Rc8 23. Bc3 Ng6 24. Nd7 Nxd7 25. Rxd7 f5 26. Qb7 Qxb7 27. Rxb7
Bf6 28. Bxf6 gxf6 29. Rxa7 Rd8 30. b4 Rd2 31. Ba4 cxb4 32. axb4 Ne5 33. c5 Rb2
34. b5 1-0

[Event "Southend op"]
[Site "Southend"]
[Date "2002.04.01"]
[Round "7"]
[White "Gamble, Raymond J"]
[Black "Shaw, Kevin R"]
[Result "1-0"]
[WhiteElo "2035"]
[BlackElo "1528"]
[PlyCount "67"]
[EventDate "2002.03.29"]
[EventType "swiss"]
[EventRounds "7"]
[EventCountry "ENG"]
[SourceTitle "BCM-0006"]
[Source "bcmchess.co.uk"]
[SourceDate "2005.08.13"]
[SourceVersion "1"]
[SourceVersionDate "2005.08.13"]
[SourceQuality "2"]

1. Nf3 d5 2. g3 Nc6 3. d4 g6 4. b3 Bg7 5. Bb2 Bd7 6. Bg2 Nf6 7. O-O O-O 8. Nbd2
Qc8 9. c4 Bh3 10. cxd5 Nxd5 11. e4 Bxg2 12. Kxg2 Nf6 13. d5 Nb4 14. a3 Nd3 15.
Bd4 c5 16. Bc3 Ng4 17. Bxg7 Kxg7 18. Qe2 Nde5 19. Nxe5 Nxe5 20. Rac1 e6 21. b4
b6 22. bxc5 bxc5 23. Nb3 Nd7 24. dxe6 fxe6 25. Qc4 Nb6 26. Qxc5 Qxc5 27. Nxc5
Kf7 28. Nb7 Kf6 29. Rc7 Rf7 30. e5+ Kg7 31. Rfc1 g5 32. Nd6 Rxc7 33. Rxc7+ Kg8
34. Re7 1-0